Statistics for F1 Season: 1962 Race Winners

Click here to take the quiz!

General Stats

  • This quiz has been taken 65 times
  • The average score is 8 of 9

Answer Stats

Grand PrixDriver% Correct
DutchGraham Hill
98%
GermanGraham Hill
98%
ItalianGraham Hill
98%
South AfricanGraham Hill
98%
BelgianJim Clark
98%
BritishJim Clark
98%
United StatesJim Clark
98%
MonacoBruce McLaren
64%
FrenchDan Gurney
45%

Score Distribution

Percentile by Number Answered

Percent of People with Each Score

Your Score History

You have not taken this quiz